House prices rise three times as much as incomes over ten years (Record no. 84248)
[ view plain ]
| 000 -LEADER | |
|---|---|
| fixed length control field | 01082cad a22001935a 4500 |
| 001 - CONTROL NUMBER | |
| control field | L157048 |
| 008 - FIXED-LENGTH DATA ELEMENTS--GENERAL INFORMATION | |
| fixed length control field | 120821e2012 xxk 000 0 eng d |
| 035 ## - SYSTEM CONTROL NUMBER | |
| System control number | (Sirsi) u157048 |
| 041 0# - LANGUAGE CODE | |
| Language code of text/sound track or separate title | eng |
| 110 2# - MAIN ENTRY--CORPORATE NAME | |
| Corporate name or jurisdiction name as entry element | National Housing Federation |
| 9 (RLIN) | 695 |
| 245 00 - TITLE STATEMENT | |
| Title | House prices rise three times as much as incomes over ten years |
| Medium | [electronic resource] |
| 260 ## - PUBLICATION, DISTRIBUTION, ETC. | |
| Place of publication, distribution, etc. | London |
| Name of publisher, distributor, etc. | National Housing Federation |
| Date of publication, distribution, etc. | 2012 |
| 520 ## - SUMMARY, ETC. | |
| Summary, etc. | National Housing Federation research shows the cost of buying a home in England increased by more than three times the rate of an average salary over the last ten years. In 2001 the average price of a home was £121 769 and the average salary was £16 557; by 2011 the price of a home was £236 518, an increase of 94% whereas wages had risen just 29% to £21 330 in the same period. Includes a full breakdown of regional figures. |
| 590 ## - LOCAL NOTE (RLIN) | |
| Local note | KA |
| 651 #4 - SUBJECT ADDED ENTRY--GEOGRAPHIC NAME | |
| Geographic name | England |
| 690 ## - LOCAL SUBJECT ADDED ENTRY--TOPICAL TERM (OCLC, RLIN) | |
| Topical term or geographic name as entry element | Residential property |
| 9 (RLIN) | 6266 |
| 856 40 - ELECTRONIC LOCATION AND ACCESS | |
| Uniform Resource Identifier | <a href="https://www.housing.org.uk/media/news/house_prices_rise_three_times.aspx">https://www.housing.org.uk/media/news/house_prices_rise_three_times.aspx</a> |
| Public note | View the item free of charge at www.housing.org.uk |
| 942 ## - ADDED ENTRY ELEMENTS (KOHA) | |
| Suppress in OPAC | 0 |
| Withdrawn status | Lost status | Source of classification or shelving scheme | Damaged status | Not for loan | Home library | Current library | Shelving location | Date acquired | Total Checkouts | Full call number | Barcode | Date last seen | Copy number | Price effective from | Koha item type |
|---|---|---|---|---|---|---|---|---|---|---|---|---|---|---|---|
| Dewey Decimal Classification | Virtual | Virtual | Online | 21/08/2012 | ONLINE PUBLICATION | 157048-2001 | 06/08/2019 | 1 | 06/08/2019 | Journal article |